| 000 | 00465ntaaa2200181 4500 | ||
|---|---|---|---|
| 003 | 01 | ||
| 005 | 20251027201933.0 | ||
| 008 | 0714s1973 ag 01 | ||
| 040 |
_aAR-BaBN _bspa _cAR-BaBN _eaacr _dRIC |
||
| 082 | _a245.0000 B26 | ||
| 100 |
_aBarocio, Ernesto _917949 |
||
| 245 | _aHimnario popular | ||
| 250 |
_a1 ed. : _bCovención Nacional Bautista de México, _cc1943 |
||
| 300 | _a236 p. | ||
| 500 | _a(Edición sin música) | ||
| 650 | _aHimnario | ||
| 942 | _cBK | ||
| 999 |
_c14102 _d14102 |
||